Międzynarodowe numery kierunkowe - Statystyki

Ogólne statystyki
  • Ten quiz został rozwiązany 58 razy
  • Średni wynik to 23 z 207
Statystyki odpowiedzi
Hint Odpowiedź % Poprawnych
+1 Antigua i Barbuda, Bahamy, Barbados, Dominika, Dominikana, Grenada, Jamajka, Kanada, Saint Kitts i Nevis, Saint Lucia, Saint Vincent i Grenadyny, Stany Zjednoczone, Trynidad i Tobago
71%
+48 Polska
63%
+49 Niemcy
37%
+7 Abchazja, Kazachstan, Osetia Południowa, Rosja
32%
+32 Belgia
24%
+420 Czechy
24%
+33 Francja
24%
+34 Hiszpania
24%
+44 Wielka Brytania
24%
+47 Norwegia
22%
+45 Dania
20%
+20 Egipt
20%
+31 Holandia
20%
+57 Kolumbia
20%
+370 Litwa
20%
+46 Szwecja
20%
+355 Albania
17%
+54 Argentyna
17%
+43 Austria
17%
+55 Brazylia
17%
+56 Chile
17%
+385 Chorwacja
17%
+372 Estonia
17%
+30 Grecja
17%
+371 Łotwa
17%
+51 Peru
17%
+421 Słowacja
17%
+380 Ukraina
17%
+375 Białoruś
15%
+591 Boliwia
15%
+387 Bośnia i Hercegowina
15%
+359 Bułgaria
15%
+86 Chiny
15%
+357 Cypr
15%
+358 Finlandia
15%
+350 Gibraltar
15%
+62 Indonezja
15%
+353 Irlandia
15%
+354 Islandia
15%
+81 Japonia
15%
+383 Kosowo
15%
+352 Luksemburg
15%
+389 Macedonia Północna
15%
+356 Malta
15%
+212 Maroko
15%
+373 Mołdawia
15%
+595 Paragwaj
15%
+351 Portugalia
15%
+40 Rumunia
15%
+378 San Marino
15%
+386 Słowenia
15%
+41 Szwajcaria
15%
+66 Tajlandia
15%
+598 Urugwaj
15%
+36 Węgry
15%
+58 Wenezuela
15%
+84 Wietnam
15%
+39 Włochy
15%
+213 Algieria
12%
+376 Andora
12%
+61 Australia, Wyspa Bożego Narodzenia, Wyspy Kokosowe
12%
+994 Azerbejdżan
12%
+267 Botswana
12%
+90 Cypr Północny, Turcja
12%
+382 Czarnogóra
12%
+593 Ekwador
12%
+63 Filipiny
12%
+995 Gruzja
12%
+502 Gwatemala
12%
+504 Honduras
12%
+91 Indie
12%
+98 Iran
12%
+82 Korea Południowa
12%
+53 Kuba
12%
+423 Liechtenstein
12%
+52 Meksyk
12%
+377 Monako
12%
+234 Nigeria
12%
+505 Nikaragua
12%
+64 Nowa Zelandia, Pitcairn
12%
+507 Panama
12%
+27 Republlika Południowej Afryki
12%
+503 Salwador
12%
+381 Serbia
12%
+597 Surinam
12%
+998 Uzbekistan
12%
+379 Watykan
12%
+244 Angola
10%
+966 Arabia Saudyjska
10%
+501 Belize
10%
+243 Demokratyczna Republika Konga
10%
+679 Fidżi
10%
+592 Gujana
10%
+594 Gujana Francuska
10%
+996 Kirgistan
10%
+506 Kostaryka
10%
+218 Libia
10%
+60 Malezja
10%
+675 Papua Nowa Gwinea
10%
+992 Tadżykistan
10%
+886 Tajwan
10%
+670 Timor Wschodni
10%
+676 Tonga
10%
+216 Tunezja
10%
+993 Turkmenistan
10%
+971 Zjednoczone Emiraty Arabskie
10%
+93 Afganistan
7%
+374 Armenia
7%
+672 Australijskie Terytorium Antarktyczne, Norfolk
7%
+973 Bahrajn
7%
+880 Bangladesz
7%
+229 Benin
7%
+673 Brunei
7%
+257 Burundi
7%
+235 Czad
7%
+268 Eswatini
7%
+500 Falklandy
7%
+241 Gabon
7%
+233 Ghana
7%
+299 Grenlandia
7%
+509 Haiti
7%
+852 Hong Kong
7%
+964 Irak
7%
+972 Izrael, Palestyna
7%
+967 Jemen
7%
+962 Jordania
7%
+855 Kambodża
7%
+237 Kamerun
7%
+974 Katar
7%
+254 Kenia
7%
+686 Kiribati
7%
+242 Kongo
7%
+850 Korea Północna
7%
+965 Kuwejt
7%
+856 Laos
7%
+266 Lesotho
7%
+961 Liban
7%
+261 Madagaskar
7%
+853 Makau
7%
+265 Malawi
7%
+960 Malediwy
7%
+222 Mauretania
7%
+691 Mikronezja
7%
+258 Mozambik
7%
+264 Namibia
7%
+674 Nauru
7%
+977 Nepal
7%
+227 Niger
7%
+687 Nowa Kaledonia
7%
+968 Oman
7%
+92 Pakistan
7%
+680 Palau
7%
+689 Polinezja Francuska
7%
+236 Republika Środkowoafrykańska
7%
+250 Rwanda
7%
+685 Samoa
7%
+65 Singapur
7%
+94 Sri Lanka
7%
+249 Sudan
7%
+211 Sudan Południowy
7%
+963 Syria
7%
+255 Tanzania
7%
+688 Tuvalu
7%
+256 Uganda
7%
+678 Vanuatu
7%
+692 Wyspy Marshalla
7%
+298 Wyspy Owcze
7%
+677 Wyspy Salomona
7%
+260 Zambia
7%
+263 Zimbabwe
7%
+297 Aruba
5%
+975 Bhutan
5%
+599 Bonaire, Curaçao, Saba, Sint Eustatius
5%
+226 Burkina Faso
5%
+253 Dżibuti
5%
+291 Erytrea
5%
+251 Etiopia
5%
+220 Gambia
5%
+590 Gwadelupa
5%
+224 Gwinea
5%
+245 Gwinea-Bissau
5%
+240 Gwinea Równikowa
5%
+269 Komory
5%
+231 Liberia
5%
+223 Mali
5%
+596 Martynika
5%
+230 Mauritius
5%
+95 Mjanma
5%
+976 Mongolia
5%
+683 Niue
5%
+970 Palestyna
5%
+238 Republika Zielonego Przylądka
5%
+262 Reunion, Majotta
5%
+221 Senegal
5%
+248 Seszele
5%
+232 Sierra Leone
5%
+252 Somalia
5%
+228 Togo
5%
+690 Tokelau
5%
+681 Wallis i Futuna
5%
+225 Wybrzeże Kości Słoniowej
5%
+290 Wyspa Świętej Heleny, Tristan da Cunha
5%
+682 Wyspy Cooka
5%
+239 Wyspy Świętego Tomasza i Książęca
5%
+246 Brytyjskie Terytorium Oceanu Indyjskiego
2%
+508 Saint-Pierre i Miquelon
2%
+247 Wyspa Wniebowstąpienia
2%
Nie znaleziono quizów pasujących do podanych kryteriów
Rozkład punktacji
Procent ludzi z każdym wynikiem
Percentyl według liczby udzielonych odpowiedzi
Twoja historia wyników
Nie rozwiązałeś tego quizu